Normal view MARC view
  • Harper Billington Susan

Entry Personal Name

Number of records used in: 1

001 - CONTROL NUMBER

  • control field: 7669

003 - CONTROL NUMBER IDENTIFIER

  • control field: OSt

005 - DATE AND TIME OF LATEST TRANSACTION

  • control field: 20230424092941.0

008 - FIXED-LENGTH DATA ELEMENTS

  • fixed length control field: 230424|| aca||aabn | a|a d

040 ## - CATALOGING SOURCE

  • Original cataloging agency: OSt
  • Transcribing agency: OSt

100 ## - HEADING--PERSONAL NAME

  • Personal name: Harper Billington Susan

670 ## - SOURCE DATA FOUND

  • Source citation: Work cat.: (OSt)12270: Harper Billington Susan, In the Shadow of the Mahatma, 2019

Powered by Koha